Statistics for Minecraft Structures

Click here to take the quiz!

General Stats

  • This quiz has been taken 54 times
    (18 since last reset)
  • The average score is 16 of 20

Answer Stats

Answer% Correct
Bastion Remnant
100%
End City
100%
Nether Fortress
100%
Jungle Temple
93%
Village
93%
Desert Pyramid
87%
Nether Fossil
87%
Ocean Monument
87%
Ocean Ruins
87%
Pillager Outpost
87%
Ruined Portal
87%
Woodland Mansion
87%
Abandoned Mineshaft
80%
Shipwreck
80%
Stronghold
80%
Swamp Hut
80%
Ancient City
73%
Igloo
53%
Buried Treasure
47%
Trail Ruins
47%

Score Distribution

Percentile by Number Answered

Percent of People with Each Score

Your Score History

You have not taken this quiz since the last reset